Statistics for All-Time New York Islanders

Click here to take the quiz!

General Stats

  • This quiz has been taken 36 times
  • The average score is 5 of 13

Answer Stats

Position Answer % Correct
1st Line RWBossy
92%
1st Line CTavares
92%
2nd Line RWTrottier
89%
Backup GoalieSmith
89%
1st Line DPotvin
78%
CoachArbour
67%
1st Line LWTurgeon
17%
1st Line DJönsson
14%
2nd Line LWŠatan
8%
2nd Line CNielsen
3%
Starting GoalieSalo
0%
2nd Line DHamrlík
0%
2nd Line DKasparaitis
0%

Score Distribution

Percentile by Number Answered

Percent of People with Each Score

Your Score History

You have not taken this quiz